Normal view
MARC view
- شاحر، اربيه/راف بار-ال/دفنه شفارتس/دانييل فلز نشتاين
Entry Personal Name
001 - CONTROL NUMBER
- control field: 36647
003 - CONTROL NUMBER IDENTIFIER
- control field: JO-AjAnu
005 - DATE AND TIME OF LATEST TRANSACTION
- control field: 20230606080122.0
008 - FIXED-LENGTH DATA ELEMENTS
- fixed length control field: 230606|| aca||aabn | a|a d
040 ## - CATALOGING SOURCE
- Original cataloging agency: JO-AjAnu
- Transcribing agency: JO-AjAnu
100 ## - HEADING--PERSONAL NAME
- Personal name: شاحر، اربيه/راف بار-ال/دفنه شفارتس/دانييل فلز نشتاين
670 ## - SOURCE DATA FOUND
- Source citation: Work cat.: (JO-AjAnu)18812: شاحر، اربيه/راف بار-ال/دفنه شفارتس/دانييل فلز نشتاين, author, اسرائيل 2020 الخطة الشاملة لاسرائيل في سنوات الالفين:متسع الامكانيات البديل الاقتصادي